| 000 | 00978nam a2200253 a 4500 | ||
|---|---|---|---|
| 001 | BRCA_52 | ||
| 005 | 20190320202849.0 | ||
| 008 | 960422s1995 mx-a---##b---#000-0#spa-# | ||
| 020 | _a9683646344 | ||
| 040 |
_aDLC _cDLC _dDLC |
||
| 041 | _aspa | ||
| 044 | _amx | ||
| 050 | 4 |
_aND1352.M4 _b.V35 1995 |
|
| 245 | 1 | 0 |
_aEl Valle de México _buna visión actual del paisaje _ctextos Oscar Espinosa Villarreal ... [et al.]. |
| 260 |
_aMéxico _bUNAM, Museo Universitario Contemporáneo de Arte _cc1995 |
||
| 300 |
_a318 p. _bil. (algunas a color) _c28 cm. |
||
| 500 | _aCatálogo de la exposición realizada en el Museo Universitario Contemporáneo de Arte de la UNAM (Ciudad de México) | ||
| 504 | _aIncluye referencias bibliográficas | ||
| 546 | _aTexto en español e inglés | ||
| 650 | 1 | 4 |
_aPintura paisajista mexicana _vExposiciones _ySiglo XX _9243 |
| 651 | 4 |
_aValle de México (México) _vExposiciones _xArte _9244 |
|
| 700 | 1 |
_aEspinosa Villarreal, Oscar _9245 |
|
| 942 |
_2lcc _cB |
||
| 999 |
_c52 _d52 |
||